000 00547nam a22001697a 4500
005 20240724151059.0
008 090826t xxu||||| |||| 00| 0 eng d
010 _aENG-140951
020 _a9788171772513
_c1080.00
035 _aEN-124483
037 _bDBAD/PUB
100 _aMallick. M.R
_963720
245 _aThe Game Of Primal Forces/
_cBy Amandeep Singh
260 _bBlue Rose Publishers
_c2019
300 _a155pg;
_c20m(pbk)
942 _2ddc
_cEN
_h181.4
_mAman
999 _c204396
_d204396